Lợi tức nông nghiệp tại Cái Sắn

Uloženo v:
Podrobná bibliografie
Hlavní autor: Nguyễn Phụ Đồng
Médium: Kniha
Jazyk:Undetermined
Vydáno: Cần Thơ Viện Đại Học Cần Thơ - Trường Cao Đẳng Nông Nghiệp 1972
Témata:
Tagy: Přidat tag
Žádné tagy, Buďte první, kdo otaguje tento záznam!
Thư viện lưu trữ: Trung tâm Học liệu Trường Đại học Cần Thơ
LEADER 00610nam a2200181Ia 4500
001 CTU_33484
008 210402s9999 xx 000 0 und d
082 |a 338.1 
082 |b Đ455 
100 |a Nguyễn Phụ Đồng 
245 0 |a Lợi tức nông nghiệp tại Cái Sắn 
245 0 |c Nguyễn Phụ Đồng 
260 |a Cần Thơ 
260 |b Viện Đại Học Cần Thơ - Trường Cao Đẳng Nông Nghiệp 
260 |c 1972 
650 |a agriculture - economic aspects 
904 |i Minh, 991029 
980 |a Trung tâm Học liệu Trường Đại học Cần Thơ